000 00987nmm a2200313 a 4500
001 ocm0002015931
003 TR-IsHL
005 20201028181233.0
008 181230s2017 tu tur
007 cr cn
020 _a9786053274780
035 _a2015931
_b(N$T)
050 0 4 _aBH39
_b.K37 2017
090 0 4 _aBH39
_b.K37 2017
100 1 _aKarkın, Necmi
245 1 0 _aAnadolu kültüründe estetik
_h[electronic resource] /
_cNecmi Karkın ; çeviri Eda Keskın
260 _aBursa :
_bEkin Basım Yayın Dağıtım,
_c2017
300 _a127 p.
500 _aKaynakça var
650 4 _aGüzel Sanatlar
650 4 _aFine Arts
650 0 _aEstetik, Türk
650 0 _aAesthetics, Turkish
650 0 _aEstetik
_x Tarih
_x Türkiye
650 0 _aAesthetics
_x History
_x Turkey
650 7 _aPHILOSOPHY / Aesthetics
_2bisacsh
700 1 _aKeskin, Eda
856 4 0 _uhttp://search.ebscohost.com/login.aspx?direct=true&scope=site&db=e011xww&AN=2015931
999 _c19508
_d19508